000 00660nam a2200181 a 4500
001 000006739
005 20200929154003.0
008 090902s1992 dr a 000 0 spa d
040 _aDO-SdBNP
082 _axxx
_bA657m
100 1 _aAquino Nicolas, Andres S.
_d1946-
_918763
245 1 3 _aEl monopolio en el transporte de carga en la República Dominicana :
_bsus orígenes, sus repercusione /
_cAndrés S. Aquino Nicolas.
260 _aSanto Domingo :
_bProgreso,
_c1992.
300 _a195 p. :
_bil. ;
_c22 cm.
500 _aIncluye datos biográficos del autor en la contracubierta
504 _aIncluye referencias bibliográficas (p. 195-)
049 _aBNPD
999 _c6528
_d6528